000 00679nam a2200265Ia 4500
001 30598
005 20240114001453.0
007 ta
008 060722s1368 g b000 u 346 u
040 _aCotton College,Assam
041 _a346
082 _a891.44
_bT 129 B
100 _aTagore, Rabindra Nath.
245 0 _aBichitra /
_cRabindra Nath Tagore.
_hTextual Documents
250 _a1st ed. /
260 _aCalcutta :
_bBiswabharati ,
_c1368.
300 _a925p. ;
_c22cm.
653 _aBengali Literature
653 _aG-Bengali
653 _aT/G-Bengali Literature
942 _2ddc
_cBK
999 _c30580
_d30580